McLaughlin and Harvey Limited v Department of Finance and Personnel (Record no. 81070)
[ view plain ]
| 000 -LEADER | |
|---|---|
| fixed length control field | 02102cab a22002415 4500 |
| 001 - CONTROL NUMBER | |
| control field | L146187 |
| 008 - FIXED-LENGTH DATA ELEMENTS--GENERAL INFORMATION | |
| fixed length control field | 081215e20081030nik f v 000 0 eng u |
| 035 ## - SYSTEM CONTROL NUMBER | |
| System control number | (Sirsi) u146187 |
| 041 0# - LANGUAGE CODE | |
| Language code of text/sound track or separate title | eng |
| 245 00 - TITLE STATEMENT | |
| Title | McLaughlin and Harvey Limited v Department of Finance and Personnel |
| Medium | [electronic resource] |
| 260 ## - PUBLICATION, DISTRIBUTION, ETC. | |
| Date of publication, distribution, etc. | 2008 |
| 520 ## - SUMMARY, ETC. | |
| Summary, etc. | [2008] NIQB 122. Case considers whether a tender procedure was fair and what remedy could be decided in favour of the claimant. McLaughlin and Harvey (M) entered a competition to be selected in a Framework Agreement. A panel of the Central Procurement Directorate of the Department of Finance and Personnel (D) had to pre-select five candidates. They would thereafter be able to bid during the lifetime of the Framework Agreement, without competition from outside parties. M came sixth in the competition, within 1% of the bids placed fourth and fifth. So M asked for an inquiry which revealed it was fourth on the criterion of price. The other criterion was a method not disclosed to the candidates. So M asled for a remedy for loss and damages resulting of a breach of duty from D. It wanted to be added to the five successful candidates, or to have the competition re-run, or to be awarded damages. "Held": The public authority is in breach of its duty under Regulation 47.1 of the Public Contracts Regulations 2006 to M and the other candidates. The court would welcome a decision of D to abandon the Framework Agreement as this would be the best remedy for the claimant. If a new Framework Agreement should be reorganised, it shoud only include the eleven original candidates. |
| 590 ## - LOCAL NOTE (RLIN) | |
| Local note | KA |
| 650 24 - SUBJECT ADDED ENTRY--TOPICAL TERM | |
| Topical term or geographic name entry element | MCLAUGHLIN AND HARVEY LIMITED V DEPARTMENT OF FINANCE AND PERSONNEL |
| 650 24 - SUBJECT ADDED ENTRY--TOPICAL TERM | |
| Topical term or geographic name entry element | CHAPLIN V HICKS |
| 650 24 - SUBJECT ADDED ENTRY--TOPICAL TERM | |
| Topical term or geographic name entry element | AMERICAN CYANAMID CO V ETHICON LTD |
| 650 24 - SUBJECT ADDED ENTRY--TOPICAL TERM | |
| Topical term or geographic name entry element | LETTING INTERNATIONAL LIMITED V LONDON BOROUGH OF NEWHAM |
| 651 #4 - SUBJECT ADDED ENTRY--GEOGRAPHIC NAME | |
| Geographic name | Northern Ireland |
| Chronological subdivision | 2007- |
| 651 #4 - SUBJECT ADDED ENTRY--GEOGRAPHIC NAME | |
| Geographic name | Europe |
| 690 ## - LOCAL SUBJECT ADDED ENTRY--TOPICAL TERM (OCLC, RLIN) | |
| Topical term or geographic name as entry element | Procurement |
| 9 (RLIN) | 6260 |
| 856 41 - ELECTRONIC LOCATION AND ACCESS | |
| Uniform Resource Identifier | <a href="https://www.bailii.org/nie/cases/NIHC/QB/2008/122.html">https://www.bailii.org/nie/cases/NIHC/QB/2008/122.html</a> |
| Public note | View the item free of charge at www.bailii.org... |
| 942 ## - ADDED ENTRY ELEMENTS (KOHA) | |
| Suppress in OPAC | 0 |
| Withdrawn status | Lost status | Source of classification or shelving scheme | Damaged status | Not for loan | Home library | Current library | Shelving location | Date acquired | Total Checkouts | Full call number | Barcode | Date last seen | Copy number | Price effective from | Koha item type |
|---|---|---|---|---|---|---|---|---|---|---|---|---|---|---|---|
| Dewey Decimal Classification | Virtual | Virtual | Online | 15/12/2008 | ONLINE PUBLICATION | 146187-2001 | 06/08/2019 | 1 | 06/08/2019 | Law report |